| 000 | 01602cam a2200433Ii 4500 | ||
|---|---|---|---|
| 001 | 930793381 | ||
| 003 | OCoLC | ||
| 005 | 20250905022438.0 | ||
| 008 | 151202s2015 caua j 000 1 eng | ||
| 010 | _abl2015042004 | ||
| 020 |
_a9781484704806 _qpaperback |
||
| 020 |
_a1484704800 _qpbk. |
||
| 035 | _a(OCoLC)930793381 | ||
| 040 |
_aNjBwBT _beng _cIEP _erda _dIEP _dOCLCO _dZHB _dOCLCO _dSO$ |
||
| 050 | 1 | 4 |
_aPZ7.S33182 _bRe 2015 |
| 082 | 0 | 4 |
_a[E] _223 |
| 092 |
_fE _aSCHAEFER |
||
| 100 | 1 |
_aSchaefer, Elizabeth _c(Adaptor), _eauthor. |
|
| 245 | 1 | 0 |
_aRey meets BB-8 / _cwritten by Elizabeth Schaefer ; illustrated by Brian Rood. |
| 250 | _aFirst edition. | ||
| 264 | 1 |
_aLos Angeles : _bDisney/Lucasfilm Press, _c2015. |
|
| 300 |
_a30 pages : _bcolor illustrations ; _c23 cm. |
||
| 336 |
_atext _2rdacontent. |
||
| 337 |
_aunmediated _2rdamedia. |
||
| 338 |
_avolume _2rdacarrier. |
||
| 490 | 1 | _aWorld of reading. Level 1. | |
| 500 | _aAt head of title: Star Wars : The Force Awakens. | ||
| 520 | _aScavenger Rey lives a lonely existence on the planet Jakku until a visit by droid BB-8 changes her life forever. | ||
| 650 | 0 |
_aRobots _vJuvenile fiction. |
|
| 650 | 0 |
_aExtraterrestrial beings _vJuvenile fiction. |
|
| 650 | 0 |
_aSpace warfare _vJuvenile fiction. |
|
| 655 | 7 |
_aAction and adventure fiction. _2lcgft. |
|
| 655 | 7 |
_aScience fiction. _2lcgft. |
|
| 700 | 1 |
_aRood, Brian, _eillustrator. |
|
| 730 | 0 |
_iAdaptation of (expression): _aStar Wars : the force awakens (Motion picture) |
|
| 830 | 0 |
_aWorld of reading (New York, N.Y.). _nLevel 1. |
|
| 907 | _a.b336788952 | ||
| 942 | _cBK | ||
| 999 |
_c31134 _d31132 |
||